| 000 | 01115nam a22003377a 4500 | ||
|---|---|---|---|
| 003 | CHAP | ||
| 005 | 20220329135355.0 | ||
| 008 | 971013s r 00010 d | ||
| 010 | _a35283 | ||
| 011 | _a36255 | ||
| 035 | _a40374 | ||
| 040 | _cCHAP | ||
| 090 | _aFolleto 348 | ||
| 110 |
_aMéxico. Secretaría de Agricultura y Ganadería _977111 |
||
| 245 | _aPlan agropecuario y forestal del Estado de Guerrero 1972 | ||
| 260 |
_a(s.l. : _bs.e.), _c(s.a.) |
||
| 300 |
_a48 p. _b: ilus. ; gráfs |
||
| 590 |
_aBATCH-UPD _b10 _c20130110 _lUCH01 _h0047 |
||
| 590 |
_aBATCH-UPD _b10 _c20130110 _lUCH01 _h1039 |
||
| 590 |
_aBATCH-UPD _b10 _c20130409 _lUCH01 _h2033 |
||
| 590 |
_aBATCH-UPD _b10 _c20130914 _lUCH01 _h0019 |
||
| 590 |
_aCONVERSION _b10 _c20130109 _lUCH01 _h1320 |
||
| 650 | 1 | 4 |
_aAgricultura _xGuerrero. _91506 |
| 650 | 1 | 4 |
_aBosques _xGuerrero. _914201 |
| 650 | 1 | 4 |
_aGanado _xGuerrero. _944923 |
| 650 | 1 | 4 |
_aPolítica agrícola _xGuerrero. _990323 |
| 901 | _aBK | ||
| 942 | _cFOLL | ||
| 949 |
_aFolleto 348 _bBC _cFOLL _d-92316 _eTS1 _i40374 _mD _si |
||
| 949 |
_aFolleto 348 _bBC _cFOLL _d-92317 _eTS2 _fc.2 _i40374 _mD _si |
||
| 999 |
_c35283 _d35283 |
||